After diagnosis HIV, the prospect of finitude, and biographical self-construction
Gespeichert in:
| 1. Verfasser: | |
|---|---|
| Format: | Buch |
| Sprache: | Englisch |
| Veröffentlicht: |
San Domenico (FI)
European University Institute
1997
|
| Schriftenreihe: | EUI Working paper SPS
No. 97/10 |
| Schlagworte: | |
| Tags: |
Keine Tags, Fügen Sie das erste Tag hinzu!
|
MARC
| LEADER | 00000nam a2200000 4500 | ||
|---|---|---|---|
| 001 | c131949 | ||
| 005 | 20221124073033.7 | ||
| 041 | 0 | |a eng | |
| 044 | |a IT | ||
| 245 | 1 | 0 | |a After diagnosis |b HIV, the prospect of finitude, and biographical self-construction |c Sebastian Rinken |
| 264 | 1 | |a San Domenico (FI) |b European University Institute |c 1997 | |
| 300 | |a 74 s. | ||
| 490 | 1 | |a EUI Working paper SPS |v No. 97/10 | |
| 830 | 0 | |a EUI Working paper SPS |v No. 97/10 | |
| 610 | 2 | 0 | |a správanie sociálne |
| 610 | 2 | 0 | |a zdravie |
| 610 | 2 | 0 | |a HIV |
| 610 | 2 | 0 | |a AIDS |
| 610 | 2 | 0 | |a psychológia |
| 610 | 2 | 0 | |a správanie |
| 100 | 1 | |a Rinken, Sebastian | |